Statistics for Asian Geography by Letter - R

Click here to take the quiz!

General Stats

  • This quiz has been taken 51 times
  • The average score is 9 of 20

Answer Stats

HintAnswer% Correct
Country with the majority of its population in Europe, but the majority of its land area in AsiaRussia
100%
Capital of Saudi ArabiaRiyadh
94%
Europe-based empire that ruled the entire Mediterranean in classical antiquity, but its eastern half continued to rule much of West Asia until 1453Roman Empire
84%
Large, horned animal commonly associated with Africa but also native to Bhutan, India, Nepal, Indonesia, and Malaysiarhinoceros
80%
Name for the currencies of Iran, Oman, Qatar, Saudi Arabia, and Yemenrial
76%
Fourth largest city of Pakistan; located near IslamabadRawalpindi
71%
State that governs Taiwan and several other minor islandsRepublic of China
69%
Administrative capital of the Palestinian territoriesRamallah
65%
Largest state of IndiaRajasthan
63%
Bamboo-eating animal related to raccoons, native to Bhutan, China, India, Myanmar, and Nepalred panda
59%
Japanese archipelago southwest of the main islands, and includes OkinawaRyukyu
43%
First Islamic caliphateRashidun Caliphate
27%
State in western MyanmarRakhine State
18%
Term for Greek Christians of the Near EastRüm
14%
Multiethnic autonomous region of northeast SyriaRojava
12%
Indonesian island where Komodo dragons can be foundRinca
8%
Sanskrit and Kannada speaking dynasty that ruled much of India from the 8th to 10th centuryRashtrakuta
6%
Historical region of northern Sri LankaRajarata
4%
One of the largest settlements of the Indus Valley CivilizationRakhigarhi
4%
Historical region of southern Sri LankaRuhuna
4%

Score Distribution

Percentile by Number Answered

Percent of People with Each Score

Your Score History

You have not taken this quiz